Yağmur : (Record no. 18080)
| 000 -BAŞLIK | |
|---|---|
| Sabit Uzunluktaki Kontrol Alanı | 01515nam a22003497a 4500 |
| 001 - KONTROL NUMARASI | |
| Control Dosyası | 0018123 |
| 003 - KONTROL NUMARASI KİMLİĞİ | |
| Kontrol Alanı | KOHA_MİRAKIL |
| 005 - EN SON İŞLEM TARİHİ ve ZAMANI | |
| Kontrol Alanı | 20260207002203.0 |
| 007 - FİZİKSEL TANIM SABİT ALAN - GENEL BİLGİ | |
| Sabit uzunluklu kontrol alanı | ta |
| 008 - SABİT UZUNLUKTAKİ VERİ ÖGELERİ - GENEL BİLGİ | |
| Sabit Alan | 100628b2004 tu |||gr||||#0|||1|tur | |
| 020 ## - ISBN - ULUSLARARASI STANDART KİTAP NUMARASI | |
| Isbn | 9753621860 |
| 040 ## - KATALOGLAMA KAYNAĞI | |
| Özgün Kataloglama Kurumu | TR-BiSEU |
| Kataloglama Dili | tur |
| Çeviri Kurumu | TR-BiSEU |
| Açıklama Kuralları | rda |
| 041 0# - DİL KODU | |
| Metin ya da ses kaydının dil kodu | tur |
| 044 ## - YAYINLAYAN/ÜRETEN KURULUŞUN ÜLKE KODU | |
| ISO country code | tu |
| 050 ## - SINIFLAMA ve YER NUMARASI | |
| Sınıflama Numarası | PL248.Y34 |
| Yer Numarası | G46 2004 |
| 100 1# - KİŞİ ADI | |
| Yazar Adı (Kişi adı) | Genç, Nurullah. |
| 245 1# - ESER ADI BİLDİRİMİ | |
| Başlık | Yağmur : |
| Alt Eseradı vb. | [seçme şiirler]/ |
| Sorumluluk Bildirimi | Nurullah Genç ; Nurullah Genç. |
| 264 #1 - ÜRERİM, YAYIN, DAĞITIM ve TELİF BİLDİRİMİ | |
| Yayın yeri | İstanbul : |
| Yayınlayan | Timaş Yayınları |
| Yayın tarihi | 2004 |
| 300 ## - FİZİKSEL TANIMLAMA | |
| Sayfa, Cilt vb. | 149 s. ; |
| Boyutları | 21 cm |
| 336 ## - İÇERİK TÜRÜ | |
| Content type term | metin |
| Content type code | txt |
| Source | rdacontent |
| 337 ## - MEDYA TÜRÜ | |
| Media type term | aracısız |
| Media type code | n |
| Source | rdamedia |
| 338 ## - TAŞIYICI TÜRÜ | |
| Carrier type term | cilt |
| Carrier type code | nc |
| Source | rdacarrier |
| 490 1# - DİZİ BİLDİRİMİ | |
| Dizi Bildirimi | Timaş Yayınları ; |
| Cilt Numarası | 269. |
| 490 1# - DİZİ BİLDİRİMİ | |
| Dizi Bildirimi | Şiir dizisi ; |
| Cilt Numarası | 2. |
| 505 ## - İÇİNDEKİLER NOTU | |
| İçindekiler Notu | Nurullah Genç, Yağmur'la Gelen Adam... Ona bu sıfatı kazandıran 1990 yılında yazdığı ve birincilik ödülü aldığı Yağmur isimli şiirdi. YAĞMUR' Nurullah Genç'e 1990 Türkiye Diyanet Vakfı N'at-ı Şerif Büyük Ödülü'nü kazandıran 'Yağmur' şiiriyle birlikte şairin diğer seçme şiirlerinin yer aldığı bir eserdir. |
| 650 #0 - KONU BAŞLIĞI EK GİRİŞ - KONU TERİMİ | |
| Konusal terim veya coğrafi ad | Türk şiiri. |
| 9 (RLIN) | 3914 |
| 650 #0 - KONU BAŞLIĞI EK GİRİŞ - KONU TERİMİ | |
| Konusal terim veya coğrafi ad | Turkish poetry. |
| 9 (RLIN) | 3912 |
| 830 1# - SERİ EK GİRİŞİ - TEKBİÇİM ESER ADI | |
| Tekbiçim Başlık | Timaş Yayınları ; |
| Volume number/sequential designation | 269. |
| 9 (RLIN) | 9767 |
| 830 1# - SERİ EK GİRİŞİ - TEKBİÇİM ESER ADI | |
| Tekbiçim Başlık | Şiir dizisi ; |
| Volume number/sequential designation | 2. |
| 9 (RLIN) | 13176 |
| 907 ## - LOCAL DATA ELEMENT G, LDG (RLIN) | |
| a | Roman |
| 942 ## - EK GİRİŞ ÖGELERİ (KOHA) | |
| Source of classification or shelving scheme | Library of Congress Classification |
| Koha item type | Book |
| 505 ## - İÇİNDEKİLER NOTU | |
| -- | |
| -- | YAĞMUR Sensiz, ufuklarıma yalancı bir tan düştü Sensiz, kıtalar boyu uzayan vatan düştü Bir kölelik ruhuna mahkum olunca gönül Yüzyıllardır dorukta bekleyen sultan düştü... |
| Materyal Türü | Kalıcı Konum | Mevcut Konum | Sınıflandırma Kaynağı | Edinim Bilgisi | Ana Konular | Alt Konular | Yer Numarası | Demirbaş Numarası | Fatura Tarihi | Maliyet, Alış Fiyatı | Maliyet, Yenileme Fiyatı | Geri Çekilme Durumu | Kayıp Durumu | Hasarlı Durumu | Kredi için değil | Kayıt Tarih | Toplam Ödünçverme | Son Görülme Tarihi | Son Kontrol Tarihi | Genel / Bağış Notu |
|---|---|---|---|---|---|---|---|---|---|---|---|---|---|---|---|---|---|---|---|---|
| Book | BŞEÜ Gölpazarı MYO Kütüphanesi | BŞEÜ Gölpazarı MYO Kütüphanesi | Library of Congress Classification | Bağış | DİL VE EDEBİYAT | Doğu Asya, Afrika, Okyanusya Dilleri ve Edebiyatları | PL248.Y34 G46 2004 | 0018123 | 02/02/2026 | 8.00 | 8.00 | 28/06/2010 | 1 | 05/12/2024 | 05/12/2024 | Genel Bağış |
